Retailing (Record no. 618)

MARC details
000 -LEADER
fixed length control field 00887nam a2200277 a 4500
001 - CONTROL NUMBER
control field vtls000152861
003 - CONTROL NUMBER IDENTIFIER
control field IIMBL
005 - DATE AND TIME OF LATEST TRANSACTION
control field 20180822135956.0
008 - FIXED-LENGTH DATA ELEMENTS--GENERAL INFORMATION
fixed length control field 151011s2004 ii a i 00 eng
020 ## - INTERNATIONAL STANDARD BOOK NUMBER
International Standard Book Number 9788131704714
Terms of availability Rs. 649.00
039 #9 - LEVEL OF BIBLIOGRAPHIC CONTROL AND CODING DETAIL [OBSOLETE]
Level of rules in bibliographic description 201512031453
Level of effort used to assign nonsubject heading access points Vishal
Level of effort used to assign subject headings 201511301615
Level of effort used to assign classification Vishal
Level of effort used to assign subject headings 201510111745
Level of effort used to assign classification rajesha
-- 201510111743
-- rajesha
082 ## - DEWEY DECIMAL CLASSIFICATION NUMBER
Classification number 658.87
Item number COX
100 1# - MAIN ENTRY--PERSONAL NAME
Personal name Cox, Roger
245 10 - TITLE STATEMENT
Title Retailing
Remainder of title an introduction /
Statement of responsibility, etc. by Roger Cox and Paul Brittain
250 ## - EDITION STATEMENT
Edition statement 5th ed.
260 ## - PUBLICATION, DISTRIBUTION, ETC.
Place of publication, distribution, etc. New Delhi :
Name of publisher, distributor, etc. Pearson,
Date of publication, distribution, etc. 2004.
300 ## - PHYSICAL DESCRIPTION
Extent 348p.:
Other physical details ill.
500 ## - GENERAL NOTE
General note Includes index
650 #0 - SUBJECT ADDED ENTRY--TOPICAL TERM
Topical term or geographic name entry element Management
650 #0 - SUBJECT ADDED ENTRY--TOPICAL TERM
Topical term or geographic name entry element Marketing
650 #0 - SUBJECT ADDED ENTRY--TOPICAL TERM
Topical term or geographic name entry element Retailing
650 #0 - SUBJECT ADDED ENTRY--TOPICAL TERM
Topical term or geographic name entry element RETAIL TRADE
700 1# - ADDED ENTRY--PERSONAL NAME
Personal name Brittain, Paul
949 ## - LOCAL PROCESSING INFORMATION (OCLC)
-- VIRTUAITEM
-- 30000
-- 30000
-- 1000
6 000222
Holdings
Date last seen Total Checkouts Total Renewals Full call number Barcode Date last checked out Cost, replacement price Price effective from Koha item type Lost status Source of classification or shelving scheme Damaged status Not for loan Withdrawn status Home library Current library Date acquired
12/21/2022 3 3 658.87 COX 000222 10/03/2022 625.00 08/22/2018 Book   Dewey Decimal Classification       Indian Institute of Management Visakhapatnam Indian Institute of Management Visakhapatnam 08/22/2018

Copyright © 2024 Indian Institute of Management Visakhapatnam
Koha v23.05